Poker Hands with 5-Card Picture Hints - Statistics

General Stats
  • This quiz has been taken 3,077 times
    3,002 since last reset
  • The average score is 9 of 10
Answers on the Map
Answers color-coded by a green-red scale on the quiz's map according to % correct below.
 
Answer Stats
Poker Hand % Correct
Flush
95%
Royal Flush
93%
Full House
92%
One Pair
92%
Straight
92%
Three of a Kind
90%
Two Pair
90%
Four of a Kind
89%
Straight Flush
84%
High Card
76%
No matching quizzes found
Score Distribution
Percent of People with Each Score
Percentile by Number Answered
Your Score History
You have not taken this quiz since the last reset